Statistics for Recognize Countries by Tripoint Maps #3

Click here to take the quiz!

General Stats

  • This quiz has been taken 313 times
  • The average score is 21 of 27

Answer Stats

Hint Answer % Correct
Egypt
95%
Libya
94%
Sudan
93%
China
90%
Russia
90%
North Korea
88%
Bosnia and Herzegovina
87%
Croatia
87%
Montenegro
85%
Algeria
82%
Mali
81%
Mauritania
78%
Iran
75%
Tanzania
74%
Pakistan
74%
Afghanistan
74%
Albania
72%
Greece
72%
Malawi
70%
Macedonia
70%
Mozambique
68%
Brazil
61%
Kazakhstan
61%
Uzbekistan
60%
Turkmenistan
59%
Venezuela
59%
Guyana
58%

Score Distribution

Percentile by Number Answered

Percent of People with Each Score

Your Score History

You have not taken this quiz